KOHA-Header-6

My DAWN Years (Record no. 13266)

000 -LEADER
fixed length control field 00254nam a22001217a 4500
020 ## - INTERNATIONAL STANDARD BOOK NUMBER
ISBN 9789696374046
082 ## - DEWEY DECIMAL CLASSIFICATION NUMBER
Classification number 363
100 ## - MAIN ENTRY--AUTHOR NAME
Personal name Zubeida Mustafa
245 ## - TITLE STATEMENT
Title My DAWN Years
260 ## - PUBLICATION, DISTRIBUTION, ETC. (IMPRINT)
Place of publication Pakistan
Name of publisher Paramount
Year of publication 2018
300 ## - PHYSICAL DESCRIPTION
Number of Pages 227 pages
942 ## - ADDED ENTRY ELEMENTS (KOHA)
Koha item type Books
Holdings
Withdrawn status Lost status Collection code Permanent Location Current Location Shelving location Date acquired Full call number Accession Number Koha item type
    English Literature MAJU MAJU Shelf No.A13 2022-03-02 363 10254 English Literature

Powered by Koha